F1 2025 Driver Numbers - Statistics

General Stats
  • This quiz has been taken 1,800 times
  • The average score is 17 of 20
Answer Stats
Hint Answer % Correct
Verstappen 1
100%
Norris 4
98%
Hamilton 44
97%
Hadjar 6
96%
Leclerc 16
95%
Bortoleto 5
95%
Sainz 55
89%
Piastri 81
88%
Tsunoda 22
87%
Antonelli 12
86%
Alonso 14
86%
Stroll 18
86%
Russell 63
85%
Albon 23
84%
Doohan 7
83%
Gasly 10
82%
Hulkenberg 27
77%
Ocon 31
75%
Lawson 30
72%
Bearman 87
70%
No matching quizzes found
Score Distribution
Percent of People with Each Score
Percentile by Number Answered
Your Score History
You have not taken this quiz